[Event "Blumenthal Johann Memorial op"]
[Site "Blumenthal"]
[Date "2025.05.02"]
[Round "2"]
[White "Ermitsch, Magnus"]
[Black "Paehtz, Thomas Sr"]
[Result "1-0"]
[WhiteElo "2406"]
[BlackElo "2309"]
[PlyCount "51"]
[EventDate "2025.05.02"]
[EventType "swiss"]
[EventRounds "5"]
[EventCountry "GER"]
[SourceTitle "CB19_2025"]
[SourceDate "2025.05.07"]
[SourceVersion "1"]
[SourceVersionDate "2025.05.07"]
[SourceQuality "1"]

1. e4 d6 2. d4 Nf6 3. Nc3 e5 4. Nge2 Nc6 5. h3 Be7 6. g4 d5 7. exd5 Nxd5 8. dxe5 Nxc3 9. Qxd8+ Bxd8 10. Nxc3 Nxe5 11. f4 Nc6 12. Be3 h5 13. g5 Ne7 14. 0-0-0 Be6 15. Bd3 0-0 16. Rhe1 Re8 17. Bc5 b6 18. Ba3 c5 19. Nb5 Bxh3 20. f5 Rf8 21. g6 fxg6 22. fxg6 Nf5 23. b4 Bh4 24. Rh1 Bg5+ 25. Kb1 Bg4 26. Rdg1 1-0

[Event "Blumenthal Johann Memorial op"]
[Site "Blumenthal"]
[Date "2025.05.02"]
[Round "1"]
[White "Paehtz, Thomas Sr"]
[Black "Haubold, Christian Lucas"]
[Result "1-0"]
[WhiteElo "2309"]
[BlackElo "1976"]
[PlyCount "59"]
[EventDate "2025.05.02"]
[EventType "swiss"]
[EventRounds "5"]
[EventCountry "GER"]
[SourceTitle "CB19_2025"]
[SourceDate "2025.05.07"]
[SourceVersion "1"]
[SourceVersionDate "2025.05.07"]
[SourceQuality "1"]

1. e4 e5 2. Bc4 Nf6 3. d3 Bc5 4. Nf3 Nc6 5. c3 0-0 6. Bg5 d6 7. Nbd2 Be6 8. b4 Bb6 9. a4 a6 10. 0-0 h6 11. Bh4 Kh7 12. b5 axb5 13. axb5 Rxa1 14. Qxa1 Na5 15. Bxe6 fxe6 16. d4 exd4 17. cxd4 Qe8 18. Bxf6 Rxf6 19. Qb1 Kg8 20. h3 Qh5 21. Rc1 Rf4 22. Qd3 Rf8 23. Ra1 Kh8 24. Qb1 Rf6 25. Qb4 Kh7 26. Rxa5 Bxa5 27. Qxa5 b6 28. Qa4 d5 29. Qc2 Kg8 30. Qxc7 1-0

[Event "EU-chT Seniors 65"]
[Site "Swidnica"]
[Date "2023.07.16"]
[Round "5.1"]
[White "Paehtz, Thomas Sr"]
[Black "Ftacnik, Lubomir"]
[Result "1/2-1/2"]
[WhiteElo "2339"]
[BlackElo "2457"]
[PlyCount "42"]
[EventDate "2023.07.12"]
[EventType "team-swiss"]
[EventRounds "9"]
[EventCountry "POL"]
[SourceTitle "CBM 215 Extra"]
[Source "ChessBase"]
[SourceDate "2023.09.30"]
[SourceVersion "1"]
[SourceVersionDate "2023.09.30"]
[SourceQuality "1"]
[WhiteTeam "Germany 65  "]
[BlackTeam "Slovakia 65"]
[WhiteTeamCountry "GER"]
[BlackTeamCountry "SVK"]

1. e4 c5 2. Nf3 d6 3. Bb5+ Nd7 4. 0-0 a6 5. Bd3 Ngf6 6. Re1 e6 7. c3 Be7 8. Bc2 b5 9. d4 Bb7 10. Nbd2 Qc7 11. Nf1 Rc8 12. Bd3 0-0 13. Ng3 Rfe8 14. Bd2 Qb8 15. a4 Bc6 16. a5 Bf8 17. h3 g6 18. b4 cxb4 19. cxb4 d5 20. e5 Ne4 21. Rb1 f5 1/2-1/2

[Event "EU-ch Blitz"]
[Site "Katowice"]
[Date "2022.12.16"]
[Round "13"]
[White "Adamczewski, Jedrzej"]
[Black "Paehtz, Thomas Sr"]
[Result "0-1"]
[WhiteElo "1938"]
[BlackElo "2339"]
[PlyCount "62"]
[EventDate "2022.12.16"]
[EventType "swiss (blitz)"]
[EventRounds "22"]
[EventCountry "POL"]
[SourceTitle "CBM 211 Extra"]
[Source "ChessBase"]
[SourceDate "2023.01.31"]
[SourceVersion "1"]
[SourceVersionDate "2023.01.31"]
[SourceQuality "1"]

1. e4 g6 2. d4 Bg7 3. Nc3 d6 4. Nf3 a6 5. h4 h6 6. h5 g5 7. a4 Nc6 8. Be3 Nf6 9. d5 Nb4 10. a5 e6 11. dxe6 Bxe6 12. Nd4 Qe7 13. f3 d5 14. Nxe6 Qxe6 15. Qd4 Nc6 16. Qd3 d4 17. Bxd4 0-0-0 18. Bxf6 Bxf6 19. Qe3 Bd4 20. Qe2 Qe5 21. Ra3 Qg3+ 22. Kd2 Bxc3+ 23. Kxc3 Qe5+ 24. Kb3 Nd4+ 25. Ka2 Nxe2 26. Bxe2 Rd2 27. Bd3 Rxg2 28. Rc3 Rd8 29. Rf1 Qxa5+ 30. Kb1 Qe5 31. Rd1 Rf2 0-1

[Event "EU-ch Blitz"]
[Site "Katowice"]
[Date "2022.12.16"]
[Round "9"]
[White "Kracht, Raphael"]
[Black "Paehtz, Thomas Sr"]
[Result "0-1"]
[WhiteElo "2124"]
[BlackElo "2339"]
[PlyCount "61"]
[EventDate "2022.12.16"]
[EventType "swiss (blitz)"]
[EventRounds "22"]
[EventCountry "POL"]
[SourceTitle "CBM 211 Extra"]
[Source "ChessBase"]
[SourceDate "2023.01.31"]
[SourceVersion "1"]
[SourceVersionDate "2023.01.31"]
[SourceQuality "1"]

1. e4 g6 2. d4 Bg7 3. Nc3 d6 4. f4 Nf6 5. Nf3 0-0 6. e5 dxe5 7. fxe5 Nd5 8. Bc4 Nb6 9. Bb3 Nc6 10. 0-0 Na5 11. Be3 Nxb3 12. axb3 c6 13. Bf2 Nd5 14. Ne4 f5 15. exf6 exf6 16. Qd2 f5 17. Nc5 f4 18. Rad1 Qd6 19. c4 Nf6 20. Rfe1 b6 21. Nd3 Ng4 22. Nde5 Nxf2 23. Kxf2 Bb7 24. Kg1 Rad8 25. Qe2 a5 26. Qe4 Qc7 27. Kh1 Rde8 28. Qd3 c5 29. h3 cxd4 30. Qxd4 Bxf3 31. Nxf3 0-1

[Event "EU-ch Blitz"]
[Site "Katowice"]
[Date "2022.12.16"]
[Round "17"]
[White "Marn, Jan"]
[Black "Paehtz, Thomas Sr"]
[Result "1/2-1/2"]
[WhiteElo "2332"]
[BlackElo "2339"]
[PlyCount "69"]
[EventDate "2022.12.16"]
[EventType "swiss (blitz)"]
[EventRounds "22"]
[EventCountry "POL"]
[SourceTitle "CBM 211 Extra"]
[Source "ChessBase"]
[SourceDate "2023.01.31"]
[SourceVersion "1"]
[SourceVersionDate "2023.01.31"]
[SourceQuality "1"]

1. Nf3 Nf6 2. g3 g6 3. b4 Bg7 4. Bb2 d6 5. Bg2 0-0 6. 0-0 e5 7. d3 Ng4 8. h3 Nh6 9. Nbd2 f5 10. e4 Nc6 11. a3 Be6 12. c4 Nf7 13. Qc2 Qd7 14. Kh2 h5 15. Nb3 f4 16. d4 exd4 17. Nbxd4 fxg3+ 18. fxg3 Nce5 19. c5 Nxf3+ 20. Nxf3 Ne5 21. Nxe5 dxe5 22. Rad1 Qe7 23. Bc1 Rxf1 24. Rxf1 Rd8 25. Be3 c6 26. Rd1 Rxd1 27. Qxd1 Qd7 28. Qxd7 Bxd7 29. h4 Be6 30. Bg5 Kf7 31. Bh3 Bxh3 32. Kxh3 Ke6 33. Kg2 Bf8 34. Be3 Be7 35. Kf3 1/2-1/2

[Event "EU-ch Blitz"]
[Site "Katowice"]
[Date "2022.12.16"]
[Round "1"]
[White "Misecka, Kamil"]
[Black "Paehtz, Thomas Sr"]
[Result "0-1"]
[WhiteElo "1807"]
[BlackElo "2339"]
[PlyCount "36"]
[EventDate "2022.12.16"]
[EventType "swiss (blitz)"]
[EventRounds "22"]
[EventCountry "POL"]
[SourceTitle "CBM 211 Extra"]
[Source "ChessBase"]
[SourceDate "2023.01.31"]
[SourceVersion "1"]
[SourceVersionDate "2023.01.31"]
[SourceQuality "1"]

1. e4 g6 2. d4 Bg7 3. Nc3 d6 4. Be3 a6 5. Qd2 Nd7 6. Bc4 b5 7. Bb3 Bb7 8. Nge2 Ngf6 9. f3 c5 10. Bd5 Nxd5 11. Nxd5 e6 12. Ndf4 Nb6 13. dxc5 Nc4 14. Qd3 Nxb2 15. Qxd6 Nc4 16. Qxd8+ Rxd8 17. Bd4 Bxd4 18. Nxd4 Rxd4 0-1

[Event "EU-ch Blitz"]
[Site "Katowice"]
[Date "2022.12.16"]
[Round "14"]
[White "Paehtz, Thomas Sr"]
[Black "Adamczewski, Jedrzej"]
[Result "1-0"]
[WhiteElo "2339"]
[BlackElo "1938"]
[PlyCount "89"]
[EventDate "2022.12.16"]
[EventType "swiss (blitz)"]
[EventRounds "22"]
[EventCountry "POL"]
[SourceTitle "CBM 211 Extra"]
[Source "ChessBase"]
[SourceDate "2023.01.31"]
[SourceVersion "1"]
[SourceVersionDate "2023.01.31"]
[SourceQuality "1"]

1. e4 c5 2. Nf3 d6 3. d4 cxd4 4. Nxd4 Nf6 5. Nc3 a6 6. f3 e6 7. Be3 b5 8. a4 b4 9. Na2 d5 10. e5 Nfd7 11. f4 Bb7 12. Qd2 Qa5 13. b3 Nc6 14. Bd3 Bc5 15. Nxc6 Bxc6 16. Bxc5 Nxc5 17. Qxb4 Nxd3+ 18. cxd3 Qxb4+ 19. Nxb4 Bd7 20. Nc2 a5 21. Nd4 Ke7 22. Kd2 Rab8 23. Rac1 Rb4 24. Ke3 h6 25. Rc7 Kd8 26. Ra7 Rb8 27. Rc1 g5 28. g3 gxf4+ 29. gxf4 Rg8 30. Rcc7 Be8 31. Rc2 Rg1 32. Rxa5 Re1+ 33. Kf2 Rh1 34. Kg2 Rd1 35. Rc3 Rd2+ 36. Kg3 Rd1 37. f5 Re1 38. fxe6 Rxe5 39. exf7 Rg5+ 40. Kf2 Bxf7 41. Nc6+ Kc7 42. Nxb8+ Kxb8 43. Rb5+ Ka7 44. Rc7+ Ka6 45. Rxf7 1-0

[Event "EU-ch Blitz"]
[Site "Katowice"]
[Date "2022.12.16"]
[Round "15"]
[White "Paehtz, Thomas Sr"]
[Black "Lagarde, Maxime"]
[Result "0-1"]
[WhiteElo "2339"]
[BlackElo "2584"]
[PlyCount "86"]
[EventDate "2022.12.16"]
[EventType "swiss (blitz)"]
[EventRounds "22"]
[EventCountry "POL"]
[SourceTitle "CBM 211 Extra"]
[Source "ChessBase"]
[SourceDate "2023.01.31"]
[SourceVersion "1"]
[SourceVersionDate "2023.01.31"]
[SourceQuality "1"]

1. e4 c5 2. Nf3 d6 3. d4 cxd4 4. Nxd4 Nf6 5. Nc3 g6 6. Be3 Bg7 7. f3 0-0 8. Qd2 Nc6 9. g4 Be6 10. h4 Ne5 11. h5 Qc8 12. 0-0-0 b5 13. hxg6 fxg6 14. g5 Nh5 15. Nd5 Bxd5 16. exd5 Nxf3 17. Nxf3 Rxf3 18. Be2 Rh3 19. Bxh5 Rxh5 20. Bd4 Rxh1 21. Rxh1 Bxd4 22. Qxd4 Qf5 23. Kb1 Qxg5 24. Qe4 Qf6 25. Qe2 b4 26. Qc4 a5 27. Rf1 Qe5 28. Rd1 Rf8 29. Qb5 h5 30. Qxa5 Qe2 31. Rc1 Qd2 32. Qc7 Rf7 33. Qc8+ Kg7 34. Qe6 Qg5 35. Re1 Qf6 36. Qe4 Qf5 37. Qe2 Qxd5 38. a3 bxa3 39. b3 Qd4 40. c4 Qf6 41. Ka2 Qb2+ 42. Qxb2+ axb2 43. Kxb2 h4 0-1

[Event "EU-chT Seniors 65"]
[Site "Dresden"]
[Date "2022.11.03"]
[Round "8.1"]
[White "Renman, Nils Gustaf"]
[Black "Paehtz, Thomas Sr"]
[Result "1-0"]
[WhiteElo "2329"]
[BlackElo "2345"]
[PlyCount "149"]
[EventDate "2022.10.27"]
[EventType "team-swiss"]
[EventRounds "9"]
[EventCountry "GER"]
[SourceTitle "EXT 2024"]
[Source "ChessBase"]
[SourceDate "2023.10.10"]
[SourceVersion "1"]
[SourceVersionDate "2023.10.10"]
[SourceQuality "1"]
[WhiteTeam "Sweden 65"]
[BlackTeam "Germany 65"]
[WhiteTeamCountry "SWE"]
[BlackTeamCountry "GER"]

1. d4 Nf6 2. c4 g6 3. Nc3 Bg7 4. e4 d6 5. Nf3 0-0 6. Be2 e5 7. 0-0 Na6 8. dxe5 dxe5 9. Be3 Ng4 10. Bg5 f6 11. Bh4 c6 12. Nd2 Nh6 13. Nb3 Qe7 14. f3 Rd8 15. Qc2 Nf7 16. Bf2 Nc7 17. Rfd1 Ne6 18. Rxd8+ Qxd8 19. Rd1 Qc7 20. Bf1 Bf8 21. a3 b6 22. c5 b5 23. a4 bxa4 24. Nxa4 Nf4 25. Qc3 Be6 26. Na5 Rd8 27. Ra1 g5 28. b4 Qd7 29. Be3 f5 30. Nb2 g4 31. Rd1 Qc7 32. Rxd8 Nxd8 33. Nbc4 Bg7 34. exf5 Bxf5 35. Nd6 Be6 36. Ne8 Qd7 37. Nxg7 Qxg7 38. Qd2 Nd5 39. Bh6 Qg6 40. Bd3 Qh5 41. Be4 gxf3 42. Bxf3 Qg6 43. Qg5 Qxg5 44. Bxg5 Nf7 45. Bd2 Nd8 46. h4 h6 47. Kf2 Kg7 48. h5 a6 49. Kg3 Ne7 50. Be2 Bc8 51. Nc4 Nf7 52. Nb6 Bb7 53. Bg4 Nd5 54. Nxd5 cxd5 55. Bd7 Nd8 56. Kg4 Bc6 57. Bc8 Bb5 58. Kf5 Nc6 59. Bb7 e4 60. Bxc6 Bxc6 61. Ke5 Bb7 62. Be3 Ba8 63. g4 Bb7 64. Kd6 Bc8 65. g5 hxg5 66. Bxg5 d4 67. c6 e3 68. Kc7 Bg4 69. h6+ Kg6 70. Bf4 Bf3 71. Kb6 Kf5 72. h7 Kxf4 73. h8Q d3 74. Qd4+ Be4 75. c7 1-0

[Event "GER-ch 92nd"]
[Site "Magdeburg"]
[Date "2021.07.28"]
[Round "5"]
[White "Biastoch, Bennet"]
[Black "Paehtz, Thomas Sr"]
[Result "0-1"]
[WhiteElo "2266"]
[BlackElo "2350"]
[PlyCount "90"]
[EventDate "2021.07.25"]
[EventType "swiss"]
[EventRounds "9"]
[EventCountry "GER"]
[SourceTitle "CBM 203 Extra"]
[Source "ChessBase"]
[SourceDate "2021.09.30"]
[SourceVersion "1"]
[SourceVersionDate "2021.09.30"]
[SourceQuality "1"]

1. e4 c5 2. Nf3 d6 3. d4 cxd4 4. Nxd4 Nf6 5. Nc3 a6 6. h3 e5 7. Nde2 h5 8. g3 Be7 9. Bg2 b5 10. Bg5 Nbd7 11. Bxf6 Nxf6 12. a4 b4 13. Nd5 Nxd5 14. Qxd5 Be6 15. Qd2 h4 16. g4 Bg5 17. Qxb4 Rb8 18. Qa3 Qa5+ 19. c3 Rb3 20. Qxd6 Rxb2 21. 0-0 Rb6 22. Qd3 0-0 23. f4 Qc5+ 24. Kh1 Bc4 25. Qf3 Bxf4 26. Nxf4 Bxf1 27. Nd5 Bxg2+ 28. Qxg2 Rb7 29. Rf1 Rfb8 30. Qf3 Qd6 31. g5 Qe6 32. Qd3 a5 33. Rg1 Rb2 34. Rg4 Rf2 35. Kg1 Ra2 36. Rxh4 Qd6 37. Kh1 Rbb2 38. Rg4 Ra1+ 39. Rg1 Rxg1+ 40. Kxg1 Qa3 41. Ne3 Qa1+ 42. Nf1 Qc1 43. h4 Qf4 44. Qh3 Qf2+ 45. Kh1 Rb1 0-1

[Event "Leipzig GER Masters-ch rapid"]
[Site "Leipzig"]
[Date "2020.10.03"]
[Round "2"]
[White "Schoeneberg, Manfred"]
[Black "Paehtz, Thomas Sr"]
[Result "0-1"]
[WhiteElo "2133"]
[BlackElo "2297"]
[PlyCount "71"]
[EventDate "2020.10.03"]
[EventType "swiss (rapid)"]
[EventRounds "5"]
[EventCountry "GER"]
[SourceTitle "CBM 198 Extra"]
[Source "ChessBase"]
[SourceDate "2020.11.30"]
[SourceVersion "1"]
[SourceVersionDate "2020.11.30"]
[SourceQuality "1"]

1. e4 g6 2. d4 Bg7 3. Nc3 d6 4. Nf3 a6 5. a4 Nf6 6. Be2 0-0 7. 0-0 Nc6 8. h3 e5 9. dxe5 dxe5 10. Qxd8 Rxd8 11. Bg5 Be6 12. Rad1 Nd4 13. Nxe5 Nxe2+ 14. Nxe2 Rxd1 15. Rxd1 Nxe4 16. Bf4 g5 17. Bh2 f5 18. Nd4 Rd8 19. Rd3 Bc8 20. Nxf5 Rxd3 21. Ne7+ Kf8 22. cxd3 Kxe7 23. dxe4 c5 24. Nc4 b5 25. axb5 axb5 26. Be5 Bxe5 27. Nxe5 Kf6 28. Ng4+ Ke6 29. Kf1 h5 30. Ne3 Ke5 31. f3 c4 32. Ke2 h4 33. Kd2 Kf4 34. Ke2 Kg3 35. Kf1 b4 36. Kg1 0-1

[Event "Erfurt op Seniors 29th"]
[Site "Erfurt"]
[Date "2019.12.30"]
[Round "5"]
[White "Pfitzer, Norbert"]
[Black "Paehtz, Thomas Sr"]
[Result "1/2-1/2"]
[WhiteElo "2028"]
[BlackElo "2348"]
[PlyCount "66"]
[EventDate "2019.12.26"]
[EventType "swiss"]
[EventRounds "5"]
[EventCountry "GER"]
[SourceTitle "CBM 194 Extra"]
[Source "ChessBase"]
[SourceDate "2020.03.31"]
[SourceVersion "1"]
[SourceVersionDate "2020.03.31"]
[SourceQuality "1"]

1. Nf3 Nf6 2. d4 c5 3. c3 b6 4. g3 Bb7 5. Bg2 e6 6. 0-0 Be7 7. Nbd2 0-0 8. Re1 d5 9. Ne5 Nbd7 10. Ndf3 Nxe5 11. Nxe5 Qc7 12. Bf4 Bd6 13. Nd3 Ne4 14. f3 Bxf4 15. Nxf4 Nd6 16. e3 Rfe8 17. Nd3 a5 18. f4 f6 19. Rc1 Rad8 20. Nf2 Nf7 21. Bf1 e5 22. Bd3 Nd6 23. Qh5 e4 24. Bf1 c4 25. g4 b5 26. g5 f5 27. Rb1 Bc6 28. Rbc1 Re6 29. h4 Rb8 30. Qe2 Be8 31. Bh3 Qf7 32. Nh1 Re7 33. Ng3 Reb7 1/2-1/2

[Event "WchT Seniors 50"]
[Site "Dresden"]
[Date "2018.07.11"]
[Round "5.2"]
[White "Paehtz, Thomas Sr"]
[Black "Schultz, Andreas"]
[Result "1-0"]
[WhiteElo "2347"]
[BlackElo "2211"]
[PlyCount "81"]
[EventDate "2018.07.07"]
[EventType "team-swiss"]
[EventRounds "9"]
[EventCountry "GER"]
[SourceTitle "CBM 185 Extra"]
[Source "ChessBase"]
[SourceDate "2018.07.29"]
[SourceVersion "1"]
[SourceVersionDate "2018.07.29"]
[SourceQuality "1"]
[WhiteTeam "Thueringen"]
[BlackTeam "Leipzig Schachfreunde"]
[WhiteTeamCountry "GER"]
[BlackTeamCountry "GER"]

1. d4 d5 2. Nf3 Nf6 3. Bf4 e6 4. e3 Bd6 5. Nbd2 0-0 6. Bg3 b6 7. c3 Bb7 8. Bd3 Ne4 9. Qc2 f5 10. Ne5 Nxd2 11. Qxd2 Nd7 12. Nxd7 Qxd7 13. 0-0-0 Qa4 14. Kb1 Ba6 15. Bc2 Qd7 16. Be5 Rad8 17. f4 Qe7 18. Qf2 Bxe5 19. dxe5 Kh8 20. g4 Bb7 21. Rhg1 c5 22. gxf5 exf5 23. Rg5 Bc8 24. Rdg1 Rf7 25. Rh5 Rg8 26. Qg2 g6 27. Rg5 Be6 28. h4 Rfg7 29. Bb3 Qf7 30. Qe2 h6 31. R5g2 h5 32. Rd1 c4 33. Bc2 Kh7 34. Rg5 b5 35. Rdg1 a5 36. Qd2 Rh8 37. Bd1 Kg8 38. Bf3 Kf8 39. Qd4 Qa7 40. Qxa7 Rxa7 41. Rxg6 1-0

[Event "Gibraltar Masters 16th"]
[Site "Caleta"]
[Date "2018.01.24"]
[Round "8"]
[White "Paehtz, Thomas Sr"]
[Black "Perez Ponsa, Federico"]
[Result "0-1"]
[WhiteElo "2356"]
[BlackElo "2553"]
[PlyCount "64"]
[EventDate "2018.01.23"]
[EventType "swiss"]
[EventRounds "10"]
[EventCountry "GGB"]
[SourceTitle "CBM 183"]
[Source "ChessBase"]
[SourceDate "2018.03.14"]
[SourceVersion "1"]
[SourceVersionDate "2018.03.14"]
[SourceQuality "1"]

1. e4 c5 2. Nf3 d6 3. Bb5+ Nd7 4. 0-0 a6 5. Bxd7+ Bxd7 6. Re1 Nf6 7. c4 g6 8. d4 cxd4 9. Nxd4 Bg7 10. b3 0-0 11. Bb2 b5 12. cxb5 axb5 13. h3 Qb6 14. Nd2 Rfc8 15. a3 Qb7 16. b4 e5 17. N4b3 Be6 18. Na5 Qe7 19. Nf3 Nh5 20. Bc1 h6 21. Be3 Qd7 22. Qd2 Kh7 23. Red1 Nf6 24. Qd3 d5 25. Nxe5 Qe8 26. Bd4 dxe4 27. Qg3 Rd8 28. Nec6 Rd7 29. Be5 Bd5 30. Qc3 Qe6 31. Rac1 Rc8 32. Bh2 Bxc6 0-1

[Event "Gibraltar Masters 16th"]
[Site "Caleta"]
[Date "2018.01.24"]
[Round "2"]
[White "Paehtz, Thomas Sr"]
[Black "Smith, Andrew Philip"]
[Result "1/2-1/2"]
[WhiteElo "2356"]
[BlackElo "2111"]
[PlyCount "96"]
[EventDate "2018.01.23"]
[EventType "swiss"]
[EventRounds "10"]
[EventCountry "GGB"]
[SourceTitle "CBM 183"]
[Source "ChessBase"]
[SourceDate "2018.03.14"]
[SourceVersion "1"]
[SourceVersionDate "2018.03.14"]
[SourceQuality "1"]

1. e4 e5 2. Nf3 d6 3. d4 Nd7 4. Bc4 Qe7 5. 0-0 h6 6. Re1 g6 7. a4 Bg7 8. a5 a6 9. dxe5 Nxe5 10. Nxe5 Qxe5 11. Nc3 Qc5 12. Bd5 Qd4 13. Qf3 Qf6 14. e5 dxe5 15. Bf4 Ne7 16. Rxe5 0-0 17. Ne4 Qxe5 18. Bxe5 Bxe5 19. Ba2 Bxb2 20. Re1 Nc6 21. c3 Ba3 22. Qg3 Bf5 23. Qxc7 Bxe4 24. Rxe4 Rad8 25. g3 Rd2 26. Bc4 Nd8 27. Rd4 Rxd4 28. cxd4 Re8 29. d5 Re1+ 30. Kg2 Be7 31. Qb6 Kg7 32. Qd4+ Bf6 33. Qd2 Rb1 34. h4 h5 35. Kf3 Rb2 36. Qd3 Rb4 37. g4 hxg4+ 38. Kxg4 Ra4 39. f4 Rxa5 40. h5 b5 41. Bb3 gxh5+ 42. Kxh5 Ra3 43. Qg3+ Kf8 44. f5 Ra1 45. Qd6+ Kg7 46. Qg3+ Kf8 47. Qd6+ Kg7 48. Qg3+ Kf8 1/2-1/2

[Event "Gibraltar Masters 16th"]
[Site "Caleta"]
[Date "2018.01.23"]
[Round "1"]
[White "Navara, David"]
[Black "Paehtz, Thomas Sr"]
[Result "1-0"]
[WhiteElo "2749"]
[BlackElo "2356"]
[PlyCount "47"]
[EventDate "2018.01.23"]
[EventType "swiss"]
[EventRounds "10"]
[EventCountry "GGB"]
[SourceTitle "CBM 183"]
[Source "ChessBase"]
[SourceDate "2018.03.14"]
[SourceVersion "1"]
[SourceVersionDate "2018.03.14"]
[SourceQuality "1"]

1. d4 Nf6 2. c4 g6 3. Nc3 Bg7 4. e4 d6 5. Nf3 0-0 6. h3 Na6 7. Bg5 c5 8. d5 e6 9. Bd3 Nb4 10. Be2 h6 11. Be3 exd5 12. cxd5 Re8 13. Nd2 Bd7 14. 0-0 Rb8 15. Bf4 Qe7 16. Re1 b5 17. a3 Na6 18. a4 Nc7 19. axb5 Nxb5 20. Bxb5 Bxb5 21. Nxb5 Rxb5 22. Nc4 Rb4 23. Qd3 Rd8 24. Bd2 1-0